Un estudio sobre la ausencia en Derecho Romano: Absentia y Postliminium.
Uloženo v:
| Hlavní autor: | |
|---|---|
| Médium: | Kniha |
| Jazyk: | angličtina |
| Vydáno: |
Granada, España:
Comares,
2008.
|
| Edice: | Colección Persona (Comares).
|
| Témata: | |
| Tagy: |
Přidat tag
Žádné tagy, Buďte první, kdo vytvoří štítek k tomuto záznamu!
|
MARC
| LEADER | 00000nam a22000007a 4500 | ||
|---|---|---|---|
| 003 | CL-VaPUC | ||
| 005 | 20220822114422.0 | ||
| 008 | 220224t2008 ||||| |||| 00| 0 eng d | ||
| 999 | |c 434514 |d 434512 | ||
| 020 | |a 978-84-9836-459-0 | ||
| 040 | |c Pontificia Universidad Católica de Valparaíso | ||
| 082 | 0 | 4 | |2 22 |a 346.012 PER 2008 |
| 100 | 1 | |a Periñán Gómez, Bernardo |9 583705 |e autor | |
| 245 | 1 | 3 | |a Un estudio sobre la ausencia en Derecho Romano: |b Absentia y Postliminium. |
| 260 | |a Granada, España: |b Comares, |c 2008. | ||
| 300 | |a XV, 179 páginas. | ||
| 490 | 0 | |a Colección Persona (Comares). | |
| 500 | |a c.1 Donación Familia Prof. Alejandro Guzmán Brito. | ||
| 583 | |c 20220224 |k Yessy Stephany Diaz Vidal | ||
| 650 | 1 | |a Ausencia de fallecimiento |x Derecho romano |9 870276 | |
| 650 | 1 | |a Presunción de muerte |x Derecho romano |9 870277 | |
| 650 | 1 | |a Prisioneros de guerra |x Estatuto jurídico |x Derecho romano |9 870278 | |
| 942 | |2 ddc |c BK |n 0 | ||
| 952 | |0 0 |1 0 |2 ddc |4 0 |6 346_012000000000000_PER_2008 |7 1 |8 C_AGB |9 581402 |a BIBDER |b BIBDER |d 2022-02-24 |e Donación |i 564710K |o 346.012 PER 2008 |p 564710K |r 2023-01-25 |t 1 |w 2022-02-24 |y BK_US |k AGB | ||